La elección presidencial en E.U.A: el colegio electoral y el sistema político norteamericano

Saved in:
Bibliographic Details
Main Authors: Sayre, Wallace S (Author), Parris, Judith H (Author)
Format: Book
Language:Spanish
Published: Buenos Aires EDISAR 1980
Subjects:
Tags: Add Tag
No Tags, Be the first to tag this record!

MARC

LEADER 00000nam a2200000 a 4500
001 UCT7034
003 CL-VaPUC
008 970116e19800000AG |||||||||||||||||spa|d
082 0 4 |a 324.973  |b SAY  |2 21 
100 0 |a Sayre, Wallace S  |e author  |9 377607 
700 0 |a Parris, Judith H  |e author  |9 377608 
245 1 3 |a La elección presidencial en E.U.A: el colegio electoral y el sistema político norteamericano 
300 |a 179 p 
942 |c BK 
945 |d 19970116 00:00:00  |a paguirre 
260 |a Buenos Aires  |b EDISAR  |c 1980 
650 0 |a Elecciones  |9 254997 
650 0 |a Sistemas electorales  |9 326307 
650 0 |a Representación política   |9 362081 
650 7 |a FEDERACION  |2 CL-VaPUC  |9 358919 
650 0 |a Poder político  |9 255509 
650 0 |a Poder ejecutivo  |9 255177 
650 7 |a JEFE DE ESTADO  |2 CL-VaPUC  |9 368237 
650 7 |a PRESIDENCIA  |2 CL-VaPUC  |9 341215 
651 0 |a Estados Unidos  |9 255178 
583 |a last modification  |c 19970116 00:00:00  |k Rodrigo Vera 
999 |c 255697  |d 255695 
952 |0 0  |1 0  |4 0  |6 324_973000000000000_SAY_1980  |7 0  |8 A  |9 278071  |a BIBDER  |b BIBDER  |d 2019-11-19  |i 1805479  |o 324.973 SAY 1980  |p 1805479  |r 2023-01-25  |w 2019-11-19  |y BK  |k DER